| 000 | 00397cam a2200145ua 4500 | ||
|---|---|---|---|
| 041 |
_aeng _h |
||
| 082 |
_a828.09 _bDOW/SH |
||
| 100 | _aEdward , Downden . | ||
| 245 |
_aShakspere: a critical study of his mind and art / _cDowden,Wdward. _hTextual Documents |
||
| 260 |
_aLondon : _bRoutledge & Kegan Paul Ltd , _c1962. |
||
| 300 | _a434 ; . | ||
| 504 | _a | ||
| 942 | _cBK | ||
| 999 |
_c12264 _d12264 |
||